| 000 | 00453nam a2200181Ia 4500 | ||
|---|---|---|---|
| 005 | 20250326125946.0 | ||
| 008 | 250326s9999 xx 000 0 und d | ||
| 037 | _aTextbook | ||
| 040 |
_aFMSL _beng _cFMSL |
||
| 041 |
_aeng _2eng |
||
| 084 |
_aY N8 _qFMSL |
||
| 100 |
_aHorton P B _9739951 |
||
| 245 | 0 |
_aSociology _cHorton P B |
|
| 260 |
_aNY _bNY, McGraw-Hill _c1968 |
||
| 300 | _a586p | ||
| 942 |
_cTB _hY N8 |
||
| 999 |
_c1280339 _d1280339 |
||